[Event "249th YMCA Autumn B"]
[Site "Warsaw"]
[Date "2021.10.04"]
[Round "1"]
[White "Safanowski, Tomasz"]
[Black "Kurowski, Maciej"]
[Result "0-1"]
[WhiteElo "1688"]
[BlackElo "1590"]
[PlyCount "90"]
[EventDate "2021.09.23"]
[EventType "tourn"]
[EventRounds "1"]
[EventCountry "POL"]
[SourceDate "2021.09.23"]

1. d4 d5 2. Nf3 Nf6 3. c4 c6 4. Nc3 e6 5. Bg5 Nbd7 6. e3 Qa5 7. Bxf6 Nxf6 8.
Nd2 Be7 9. Bd3 O-O 10. O-O Qd8 11. Qe2 b6 12. Rfc1 Bb7 13. cxd5 Nxd5 14. Nxd5
Qxd5 15. Be4 Qd7 16. Qf3 Rac8 17. Nb3 f5 18. Bd3 c5 19. Qh3 Bf6 20. Bc4 cxd4
21. Nxd4 Bxd4 22. exd4 Bd5 23. Bxd5 Rxc1+ 24. Rxc1 Qxd5 25. Qb3 Qxb3 26. axb3
Rd8 27. Kf1 Rxd4 28. Rc8+ Kf7 29. Rc7+ Kf6 30. Rxa7 Rd3 31. Ra3 e5 32. Ke2 e4
33. f3 b5 34. f4 b4 35. Ra6+ Kf7 36. h4 Rxb3 37. h5 Rxb2+ 38. Kf1 e3 39. Ra7+
Ke6 40. Rxg7 b3 41. Rg3 Rf2+ 42. Ke1 Rxf4 43. Kd1 Rf1+ 44. Ke2 f4 45. Rg7 b2
0-1

[Event "249th YMCA Autumn B"]
[Site "Warsaw"]
[Date "2021.09.23"]
[Round "1"]
[White "Goral, Jan"]
[Black "Wiktorowski, Janusz"]
[Result "1-0"]
[WhiteElo "1672"]
[BlackElo "1449"]
[PlyCount "55"]
[EventDate "2021.09.23"]
[EventType "tourn"]
[EventRounds "1"]
[EventCountry "POL"]
[SourceDate "2021.09.23"]

1. Nf3 d5 2. d4 Bf5 3. c4 e6 4. Qb3 b6 5. Nc3 dxc4 6. Qxc4 Nf6 7. g3 Nbd7 8.
Bg2 c5 9. O-O cxd4 10. Nxd4 Rc8 11. Qa4 Bc5 12. Nc6 Rxc6 13. Bxc6 Qc7 14. Rd1
Ke7 15. Bg5 Rd8 16. Bg2 h6 17. Bxf6+ gxf6 18. Nb5 Qe5 19. Nxa7 Nb8 20. Rxd8
Kxd8 21. Rd1+ Ke7 22. Qb5 Be4 23. Nc8+ Kf8 24. Qc4 Bg6 25. b4 Be7 26. Nxe7 Kxe7
27. Qc8 f5 28. Qd8# 1-0

[Event "249th YMCA Autumn B"]
[Site "Warsaw"]
[Date "2021.10.05"]
[Round "1"]
[White "Dabrowski, Leszek"]
[Black "Jaroszuk, Marcin"]
[Result "1-0"]
[WhiteElo "1436"]
[BlackElo "1572"]
[PlyCount "65"]
[EventDate "2021.09.23"]
[EventType "tourn"]
[EventRounds "1"]
[EventCountry "POL"]
[SourceDate "2021.09.23"]

1. c4 Nf6 2. Nc3 e6 3. Nf3 d5 4. g3 Be7 5. d4 O-O 6. Bg2 dxc4 7. Ne5 Nc6 8.
Nxc6 bxc6 9. Bxc6 Rb8 10. Bg2 c5 11. d5 exd5 12. Nxd5 Nxd5 13. Bxd5 Bb7 14. e4
Bxd5 15. exd5 Bf6 16. O-O Bxb2 17. Bxb2 Rxb2 18. Qc1 Rb4 19. a3 Ra4 20. Qc2 Qd7
21. Rfe1 Rd8 22. Re3 h5 23. Rae1 g6 24. Re7 Qb5 25. Rb1 Qa6 26. Rbb7 Rxd5 27.
Rxf7 Re5 28. Qc3 Qe6 29. Qf3 Rf5 30. Rxf5 gxf5 31. Qd1 Kf8 32. Qd8+ Qe8 33.
Qf6+ 1-0

[Event "249th YMCA Autumn B"]
[Site "Warsaw"]
[Date "2021.10.06"]
[Round "1"]
[White "Szumigaj, Marcin"]
[Black "Pasternak-Winiarski, Adam"]
[Result "1/2-1/2"]
[WhiteElo "1473"]
[BlackElo "1635"]
[PlyCount "112"]
[EventDate "2021.09.23"]
[EventType "tourn"]
[EventRounds "1"]
[EventCountry "POL"]
[SourceDate "2021.09.23"]

1. d4 Nf6 2. c4 g6 3. Nc3 Bg7 4. e4 d6 5. Nf3 O-O 6. Be2 e5 7. O-O Nc6 8. d5
Ne7 9. Ne1 Nd7 10. g4 f5 11. f3 Nf6 12. Be3 Bd7 13. Nd3 Qc8 14. g5 Nh5 15. f4
fxe4 16. Nxe4 Nf5 17. Bd2 Nxf4 18. Nxf4 exf4 19. Nf6+ Bxf6 20. gxf6 Rxf6 21.
Bc3 Rf7 22. Bg4 h5 23. Bxf5 Bxf5 24. Qd4 Kh7 25. Rxf4 Qd7 26. Re1 b6 27. Qe3
Rg8 28. Rf2 g5 29. Rg2 Bh3 30. Rg3 Bg4 31. h3 Bf5 32. Kh2 g4 33. h4 Qd8 34. Kg2
Qxh4 35. Rh1 Qg5 36. Qd4 Re7 37. Kf2 Rf8 38. Re1 Bd3+ 39. Kg2 Rxe1 40. Qxd3+
Qf5 41. Qxf5+ Rxf5 42. Bxe1 Re5 43. Kf2 Kg6 44. Bc3 Re4 45. b3 h4 46. Rd3 h3
47. Kg3 Kf5 48. Kf2 Rf4+ 49. Kg1 Re4 50. Bd2 Re2 51. Rd4 g3 52. Rf4+ Kg6 53.
Rg4+ Kf5 54. Rf4+ Kg6 55. Rg4+ Kf5 56. Rf4+ Kg6 1/2-1/2

[Event "249th YMCA Autumn B"]
[Site "Warsaw"]
[Date "2021.09.23"]
[Round "1"]
[White "Dropia, Rafal"]
[Black "Mazurek, Jerzy"]
[Result "0-1"]
[WhiteElo "1621"]
[BlackElo "1691"]
[PlyCount "60"]
[EventDate "2021.09.23"]
[EventType "tourn"]
[EventRounds "1"]
[EventCountry "POL"]
[SourceDate "2021.09.23"]

1. d4 Nf6 2. Bf4 b6 3. e3 Bb7 4. Nf3 g6 5. Nc3 Bg7 6. Bd3 c5 7. h3 O-O 8. O-O
d6 9. Ne2 Nbd7 10. c3 Qc7 11. Nd2 e5 12. Bh2 Rfe8 13. Rc1 Rad8 14. Re1 Nf8 15.
e4 exd4 16. cxd4 Nxe4 17. dxc5 bxc5 18. Nxe4 Bxe4 19. b4 Ba8 20. bxc5 Qc6 21.
f3 dxc5 22. Qc2 Bh6 23. Rb1 Be3+ 24. Kf1 Qf6 25. Ng1 Qh4 26. g3 Qf6 27. Be2 Rd2
28. Qc4 Bd5 29. Qa6 Qxa6 30. Bxa6 Rf2# 0-1

[Event "249th YMCA Autumn B"]
[Site "Warsaw"]
[Date "2021.09.29"]
[Round "1"]
[White "Sloniewska, Alicja"]
[Black "Sypula, Krzysztof"]
[Result "1-0"]
[WhiteElo "1658"]
[BlackElo "1656"]
[PlyCount "64"]
[EventDate "2021.09.23"]
[EventType "tourn"]
[EventRounds "1"]
[EventCountry "POL"]
[SourceDate "2021.09.23"]

1. d4 Nf6 2. c4 c5 3. d5 e6 4. Nc3 exd5 5. cxd5 Bd6 6. e4 O-O 7. Bd3 Re8 8. Be3
Be5 9. Nge2 d6 10. f3 a6 11. a4 Nbd7 12. O-O Nf8 13. Kh1 Rb8 14. Rb1 Bd7 15. b4
Bxc3 16. Nxc3 c4 17. Bc2 b5 18. a5 Ng6 19. f4 h6 20. Qf3 Bg4 21. Qg3 h5 22. f5
h4 23. Qf2 Ne5 24. Qxh4 Nfd7 25. Qxd8 Rbxd8 26. h3 f6 27. hxg4 Nxg4 28. Bf4
Nde5 29. g3 Kf7 30. Kg2 Nd3 31. Bxd3 cxd3 32. Rbd1 Ne5 1-0

[Event "249th YMCA Autumn B"]
[Site "Warsaw"]
[Date "2021.09.30"]
[Round "2"]
[White "Kurowski, Maciej"]
[Black "Sypula, Krzysztof"]
[Result "0-1"]
[WhiteElo "1590"]
[BlackElo "1656"]
[PlyCount "121"]
[EventDate "2021.09.23"]
[EventType "tourn"]
[EventRounds "1"]
[EventCountry "POL"]
[SourceDate "2021.09.23"]

1. e4 c5 2. Nf3 e6 3. d4 cxd4 4. Nxd4 Nf6 5. Bd3 Nc6 6. Be3 Qc7 7. Nc3 a6 8. a3
Be7 9. O-O O-O 10. Kh1 Ne5 11. Be2 b5 12. f4 Nc4 13. Bc1 Bb7 14. Bd3 g6 15. Qe2
Qc5 16. Nb3 Qc7 17. Nd2 d5 18. b3 Nxd2 19. Bxd2 dxe4 20. Nxe4 Bxe4 21. Bxe4
Nxe4 22. Qxe4 Rac8 23. c4 bxc4 24. Rac1 Qd8 25. Bc3 Qd5 26. Qxd5 exd5 27. b4 f6
28. f5 Kf7 29. Rcd1 Rfd8 30. g4 Rc6 31. Kg2 Rd7 32. h4 Bd8 33. Rfe1 Bb6 34. Bd4
Bc7 35. Kf3 gxf5 36. gxf5 Bd6 37. Bc3 Bf8 38. Re2 Be7 39. Red2 Rcd6 40. Bd4 Rd8
41. Re2 Rc6 42. Bc3 Rb6 43. Red2 Rbd6 44. Bd4 R6d7 45. Re2 Rb7 46. Re6 a5 47.
Rde1 axb4 48. axb4 Ra8 49. Kf4 Rc8 50. Bc3 Rcc7 51. h5 Rd7 52. Bd4 Bd8 53. h6
Rxb4 54. Rg1 Bc7+ 55. Kf3 Rb3+ 56. Ke2 Bg3 57. Rxf6+ Ke8 58. Rc6 Re7+ 59. Kd2
Bf4+ 60. Kc2 Re2+ 61. Kd1 0-1

[Event "249th YMCA Autumn B"]
[Site "Warsaw"]
[Date "2021.09.28"]
[Round "2"]
[White "Mazurek, Jerzy"]
[Black "Sloniewska, Alicja"]
[Result "0-1"]
[WhiteElo "1691"]
[BlackElo "1658"]
[PlyCount "84"]
[EventDate "2021.09.23"]
[EventType "tourn"]
[EventRounds "1"]
[EventCountry "POL"]
[SourceDate "2021.09.23"]

1. e4 c6 2. d4 d5 3. Nc3 dxe4 4. Nxe4 Bf5 5. Ng3 Bg6 6. h4 h6 7. h5 Bh7 8. Nf3
Nd7 9. Bd3 Bxd3 10. Qxd3 e6 11. Bd2 Ngf6 12. O-O-O Be7 13. Kb1 Qb6 14. Ka1 O-O
15. Ne4 c5 16. c3 cxd4 17. Nxd4 Ne5 18. Nxf6+ Bxf6 19. Qe2 Rac8 20. f4 Nc4 21.
Bc1 Rfd8 22. Nf3 Qa5 23. Rxd8+ Qxd8 24. g4 Qa5 25. Rf1 Bxc3 26. bxc3 Qxc3+ 27.
Bb2 Nxb2 28. Qxb2 Qd3 29. Rc1 Rxc1+ 30. Qxc1 Qxf3 31. Qc8+ Kh7 32. Qc2+ f5 33.
gxf5 Qf1+ 34. Kb2 Qb5+ 35. Ka3 Qxf5 36. Qc4 a6 37. Qc7 Qxh5 38. Qxb7 Qa5+ 39.
Kb3 Qb5+ 40. Qxb5 axb5 41. Kb4 h5 42. Kxb5 h4 0-1

[Event "249th YMCA Autumn B"]
[Site "Warsaw"]
[Date "2021.09.28"]
[Round "2"]
[White "Pasternak-Winiarski, Adam"]
[Black "Dropia, Rafal"]
[Result "0-1"]
[WhiteElo "1635"]
[BlackElo "1621"]
[PlyCount "58"]
[EventDate "2021.09.23"]
[EventType "tourn"]
[EventRounds "1"]
[EventCountry "POL"]
[SourceDate "2021.09.23"]

1. e4 c5 2. Nf3 a6 3. c3 d5 4. exd5 Nf6 5. Be2 Qxd5 6. O-O e5 7. d4 e4 8. Ne5
Be6 9. Bf4 Qd8 10. Bc4 Bxc4 11. Nxc4 Nc6 12. Re1 cxd4 13. cxd4 Qxd4 14. Qe2 b5
15. Ne3 g6 16. Nc3 Bg7 17. Rad1 Qa7 18. Rd6 Nd4 19. Qd2 Nh5 20. Ned5 Nxf4 21.
Qxf4 O-O 22. Nf6+ Bxf6 23. Qxf6 Nf5 24. Rdd1 e3 25. Re2 Rae8 26. f3 Re6 27. Qg5
Nd4 28. Ree1 e2 29. Rc1 Nxf3+ 0-1

[Event "249th YMCA Autumn B"]
[Site "Warsaw"]
[Date "2021.09.30"]
[Round "2"]
[White "Jaroszuk, Marcin"]
[Black "Szumigaj, Marcin"]
[Result "1-0"]
[WhiteElo "1572"]
[BlackElo "1473"]
[PlyCount "59"]
[EventDate "2021.09.23"]
[EventType "tourn"]
[EventRounds "1"]
[EventCountry "POL"]
[SourceDate "2021.09.23"]

1. d4 d5 2. c4 c6 3. Nc3 Nf6 4. Nf3 e6 5. e3 Nbd7 6. Qc2 Bd6 7. g4 dxc4 8. Bxc4
b5 9. Bd3 Bb7 10. g5 Nd5 11. Rg1 Nb4 12. Qd1 Nxd3+ 13. Qxd3 Qc7 14. Bd2 a6 15.
Ne4 Be7 16. Rc1 Rc8 17. Nc5 Nxc5 18. dxc5 Rd8 19. Qb1 Rd5 20. b4 Rf5 21. Ke2
Rd5 22. e4 Rd7 23. e5 f6 24. gxf6 gxf6 25. Rg7 Bf8 26. Rxd7 Qxd7 27. Rd1 f5 28.
Bg5 Qc7 29. Qd3 Bc8 30. Qd8+ 1-0

[Event "249th YMCA Autumn B"]
[Site "Warsaw"]
[Date "2021.09.30"]
[Round "2"]
[White "Wiktorowski, Janusz"]
[Black "Dabrowski, Leszek"]
[Result "1-0"]
[WhiteElo "1449"]
[BlackElo "1436"]
[PlyCount "65"]
[EventDate "2021.09.23"]
[EventType "tourn"]
[EventRounds "1"]
[EventCountry "POL"]
[SourceDate "2021.09.23"]

1. e4 c5 2. Nf3 g6 3. d4 cxd4 4. Nxd4 Nc6 5. Nc3 Bg7 6. Be3 Nf6 7. Be2 O-O 8.
Qd2 d5 9. exd5 Nb4 10. d6 Qxd6 11. Ncb5 Qc5 12. a3 Nbd5 13. Ne6 Qc6 14. Nxf8
Nxe3 15. fxe3 Qxg2 16. O-O-O Bf5 17. Nxg6 hxg6 18. Bd3 Qd5 19. Nc3 Qc5 20. Bxf5
Qxf5 21. Nd5 Qe5 22. Nxf6+ Bxf6 23. c3 Bg5 24. Rde1 Rc8 25. h4 Bh6 26. Kb1 Qb5
27. h5 Bg7 28. Rc1 gxh5 29. Rhg1 Kh8 30. Qg2 Bh6 31. Rcd1 Qe5 32. Rd5 Qxe3 33.
Rxh5 1-0

[Event "249th YMCA Autumn B"]
[Site "Warsaw"]
[Date "2021.10.06"]
[Round "2"]
[White "Safanowski, Tomasz"]
[Black "Goral, Jan"]
[Result "1-0"]
[WhiteElo "1688"]
[BlackElo "1672"]
[PlyCount "75"]
[EventDate "2021.09.23"]
[EventType "tourn"]
[EventRounds "1"]
[EventCountry "POL"]
[SourceDate "2021.09.23"]

1. f4 e5 2. fxe5 d6 3. exd6 Bxd6 4. Nf3 g5 5. g3 g4 6. Nh4 Ne7 7. d4 Ng6 8.
Nxg6 hxg6 9. Qd3 Nc6 10. c3 Bf5 11. e4 Qe7 12. Bg2 O-O-O 13. Be3 Be6 14. Bf2 f5
15. Nd2 f4 16. gxf4 Bxf4 17. Bg3 Ne5 18. Qe2 Bxd2+ 19. Kxd2 Qg5+ 20. Kc2 Bc4
21. Qd2 Qxd2+ 22. Kxd2 Nf3+ 23. Ke3 Rhf8 24. b3 Be6 25. Raf1 g5 26. d5 Bd7 27.
Bxf3 gxf3 28. Rxf3 Rxf3+ 29. Kxf3 Rf8+ 30. Ke3 Bg4 31. Rg1 Rf3+ 32. Kd4 Bh5 33.
c4 g4 34. c5 Kd7 35. e5 Bg6 36. e6+ Kc8 37. d6 Be8 38. Be5 1-0

[Event "249th YMCA Autumn B"]
[Site "Warsaw"]
[Date "2021.10.11"]
[Round "3"]
[White "Goral, Jan"]
[Black "Kurowski, Maciej"]
[Result "1/2-1/2"]
[WhiteElo "1672"]
[BlackElo "1590"]
[PlyCount "100"]
[EventDate "2021.09.23"]
[EventType "tourn"]
[EventRounds "1"]
[EventCountry "POL"]
[SourceDate "2021.09.23"]

1. d4 d5 2. Nf3 Nf6 3. c4 e6 4. g3 Bb4+ 5. Bd2 Be7 6. Bg2 c6 7. O-O O-O 8. b3
b6 9. Bc3 Ba6 10. Nbd2 Nbd7 11. Bb2 Rc8 12. Rc1 c5 13. Re1 cxd4 14. Nxd4 Bb4
15. cxd5 Rxc1 16. Qxc1 Bxd2 17. Qxd2 exd5 18. Nc6 Qc7 19. Ne7+ Kh8 20. Nxd5
Nxd5 21. Qxd5 Nc5 22. Bf3 f6 23. Rd1 Bb7 24. Qf5 Bxf3 25. Qxf3 Rd8 26. Rd5 Rxd5
27. Qxd5 h6 28. Kg2 Qe7 29. e3 Qe8 30. Ba3 Ne4 31. Bb2 Nc5 32. b4 Nd7 33. Bd4
Ne5 34. Bxe5 fxe5 35. b5 e4 36. a4 Qe7 37. h4 Kh7 38. Kh3 g6 39. Kg2 h5 40. Qc6
Kh6 41. f3 exf3+ 42. Qxf3 Kg7 43. Qf4 Qe6 44. Qd4+ Kh7 45. e4 Qg4 46. Qd3 Qe6
47. Qd5 Qg4 48. Qf7+ Kh8 49. Qf3 Qe6 50. Qc3+ Kh7 1/2-1/2

[Event "249th YMCA Autumn B"]
[Site "Warsaw"]
[Date "2021.10.07"]
[Round "3"]
[White "Dabrowski, Leszek"]
[Black "Safanowski, Tomasz"]
[Result "0-1"]
[WhiteElo "1436"]
[BlackElo "1688"]
[PlyCount "114"]
[EventDate "2021.09.23"]
[EventType "tourn"]
[EventRounds "1"]
[EventCountry "POL"]
[SourceDate "2021.09.23"]

1. c4 Nf6 2. Nc3 e6 3. Nf3 c6 4. g3 d5 5. cxd5 cxd5 6. Bg2 Nc6 7. d4 Bd6 8. O-O
b6 9. Bg5 O-O 10. e4 Be7 11. exd5 Nxd5 12. Nxd5 exd5 13. Bxe7 Qxe7 14. Re1 Qd6
15. Ne5 Na5 16. a3 f6 17. b4 Nb7 18. Nd3 Be6 19. Rc1 Bf7 20. a4 Rac8 21. Qg4
Rc4 22. Rxc4 dxc4 23. Nf4 Nd8 24. d5 c3 25. b5 Qb4 26. Qd1 c2 27. Qa1 Nb7 28.
Rc1 Qd2 29. Be4 Rc8 30. Nd3 Rc4 31. f3 Rxe4 32. fxe4 Qxd3 33. Qb2 Qxe4 34. Qxc2
Qe3+ 35. Kf1 Bxd5 36. Qc8+ Kf7 37. Rc7+ Kg6 38. Qg4+ Qg5 39. Qd7 Qf5+ 40. Qxf5+
Kxf5 41. Rxg7 h5 42. Rd7 Be4 43. Ke2 Ke5 44. Ke3 f5 45. h3 Kf6 46. Kf4 Ke6 47.
Rg7 Nc5 48. Rxa7 Bg2 49. h4 Bh3 50. a5 bxa5 51. b6 Kd6 52. Rxa5 Ne6+ 53. Ke3
Kc6 54. Re5 Kb7 55. Kf2 Nd8 56. Rd5 Nc6 57. Rd7+ Kb8 $138 0-1

[Event "249th YMCA Autumn B"]
[Site "Warsaw"]
[Date "2021.10.07"]
[Round "3"]
[White "Szumigaj, Marcin"]
[Black "Wiktorowski, Janusz"]
[Result "0-1"]
[WhiteElo "1473"]
[BlackElo "1449"]
[PlyCount "70"]
[EventDate "2021.09.23"]
[EventType "tourn"]
[EventRounds "1"]
[EventCountry "POL"]
[SourceDate "2021.09.23"]

1. c4 e5 2. Nc3 Bc5 3. Nf3 d6 4. g3 Nf6 5. Bg2 Nc6 6. O-O Be6 7. d3 h6 8. a3 a5
9. e4 Qd7 10. Nd5 Bg4 11. Qa4 Nxd5 12. cxd5 Nd4 13. Qxd7+ Kxd7 14. Nxd4 Bxd4
15. Re1 c6 16. h3 Bh5 17. g4 Bg6 18. dxc6+ bxc6 19. Rb1 Rhb8 20. Re2 Rb3 21.
Rd2 a4 22. Bf1 Rab8 23. Rc2 Rxa3 24. Be3 Bxe3 25. fxe3 Rab3 26. Rbc1 c5 27. Ra1
R3b4 28. Kf2 f6 29. Be2 Bf7 30. h4 Ke7 31. Ke1 Be8 32. Kd2 Rxb2 33. g5 fxg5 34.
hxg5 hxg5 35. Kc3 R8b3+ 0-1

[Event "249th YMCA Autumn B"]
[Site "Warsaw"]
[Date "2021.10.07"]
[Round "3"]
[White "Dropia, Rafal"]
[Black "Jaroszuk, Marcin"]
[Result "1-0"]
[WhiteElo "1621"]
[BlackElo "1572"]
[PlyCount "45"]
[EventDate "2021.09.23"]
[EventType "tourn"]
[EventRounds "1"]
[EventCountry "POL"]
[SourceDate "2021.09.23"]

1. d4 e6 2. Bf4 f5 3. g4 fxg4 4. e4 Nf6 5. Nc3 Bb4 6. Bd3 O-O 7. Bg5 Qe8 8.
Bxf6 Rxf6 9. Qxg4 e5 10. dxe5 Qxe5 11. Nge2 Nc6 12. f4 Qc5 13. e5 d6 14. Qh5
dxe5 15. Qxh7+ Kf7 16. Rg1 Qf8 17. Qh5+ Ke6 18. fxe5 Nxe5 19. O-O-O Bxc3 20.
Nxc3 Nxd3+ 21. Rxd3 Rf1+ 22. Rd1 Qf4+ 23. Kb1 1-0

[Event "249th YMCA Autumn B"]
[Site "Warsaw"]
[Date "2021.10.07"]
[Round "3"]
[White "Sypula, Krzysztof"]
[Black "Mazurek, Jerzy"]
[Result "0-1"]
[WhiteElo "1656"]
[BlackElo "1691"]
[PlyCount "60"]
[EventDate "2021.09.23"]
[EventType "tourn"]
[EventRounds "1"]
[EventCountry "POL"]
[SourceDate "2021.09.23"]

1. c4 e5 2. Nc3 Nc6 3. Nf3 g6 4. d4 exd4 5. Nxd4 Bg7 6. e3 Nxd4 7. exd4 Ne7 8.
Bg5 h6 9. Bf4 d6 10. Qd2 g5 11. Be3 Bf5 12. f3 Qd7 13. g4 Bg6 14. Bd3 O-O-O 15.
O-O-O Kb8 16. d5 Bxd3 17. Qxd3 Ng6 18. Nb5 a6 19. Nd4 Qa4 20. Qb3 Qxb3 21. axb3
Bf6 22. Nf5 h5 23. Bd4 Bxd4 24. Rxd4 Ne5 25. gxh5 Rxh5 26. f4 gxf4 27. Ng7 Rg5
28. Kc2 f3 29. Ne6 fxe6 30. dxe6 Re8 0-1

[Event "249th YMCA Autumn B"]
[Site "Warsaw"]
[Date "2021.10.14"]
[Round "4"]
[White "Kurowski, Maciej"]
[Black "Mazurek, Jerzy"]
[Result "0-1"]
[WhiteElo "1590"]
[BlackElo "1691"]
[PlyCount "50"]
[EventDate "2021.09.23"]
[EventType "tourn"]
[EventRounds "1"]
[EventCountry "POL"]
[SourceDate "2021.09.23"]

1. e4 c5 2. Nf3 Nc6 3. d4 cxd4 4. Nxd4 g6 5. c4 Nf6 6. Nc3 d6 7. Be2 Nxd4 8.
Qxd4 Bg7 9. Be3 O-O 10. Qd2 a5 11. O-O a4 12. f3 Qa5 13. Rab1 Be6 14. Nd5 Qxd2
15. Nxe7+ Kh8 16. Bxd2 Rfe8 17. Nd5 Nxd5 18. cxd5 Bxd5 19. Bb5 Bxa2 20. Ra1
Bd4+ 21. Kh1 Re5 22. Rxa2 Rxb5 23. Rfa1 Rxb2 24. Rxb2 Bxb2 25. Ra2 a3 0-1

[Event "249th YMCA Autumn B"]
[Site "Warsaw"]
[Date "2021.10.13"]
[Round "4"]
[White "Pasternak-Winiarski, Adam"]
[Black "Sypula, Krzysztof"]
[Result "0-1"]
[WhiteElo "1635"]
[BlackElo "1656"]
[PlyCount "104"]
[EventDate "2021.09.23"]
[EventType "tourn"]
[EventRounds "1"]
[EventCountry "POL"]
[SourceDate "2021.09.23"]

1. e4 g6 2. d4 Bg7 3. Be3 d6 4. Nc3 c6 5. Qd2 b5 6. a3 a6 7. Nf3 Bg4 8. Be2 Nd7
9. h3 Bxf3 10. Bxf3 Nb6 11. b3 h5 12. O-O Rc8 13. Rad1 Nf6 14. Rfe1 O-O 15. Bh6
e5 16. dxe5 dxe5 17. Qg5 Qc7 18. Bxg7 Kxg7 19. Rd3 Rcd8 20. Red1 Rxd3 21. Rxd3
Nbd7 22. g4 hxg4 23. Bxg4 Nxg4 24. hxg4 f6 25. Qd2 Rf7 26. Rh3 g5 27. Ne2 Nc5
28. Ng3 Kg8 29. Qe3 Ne6 30. Nf5 Rh7 31. Rh6 Qd7 32. Rxh7 Qxh7 33. Qb6 Qd7 34.
Qb8+ Kh7 35. Qd6 Qxd6 36. Nxd6 Nd4 37. c4 Nxb3 38. cxb5 axb5 39. Nf5 Nd2 40.
Ne7 c5 41. Nd5 Kg7 42. Nc3 b4 43. axb4 cxb4 44. Na4 Kf7 45. Nc5 b3 46. Nd3 Nxe4
47. Kf1 Nc5 48. Nb2 Ke6 49. Ke2 Kd5 50. f3 Ne6 51. Kd3 Nd4 52. Ke3 Kc5 0-1

[Event "249th YMCA Autumn B"]
[Site "Warsaw"]
[Date "2021.10.11"]
[Round "4"]
[White "Wiktorowski, Janusz"]
[Black "Dropia, Rafal"]
[Result "0-1"]
[WhiteElo "1449"]
[BlackElo "1621"]
[PlyCount "56"]
[EventDate "2021.09.23"]
[EventType "tourn"]
[EventRounds "1"]
[EventCountry "POL"]
[SourceDate "2021.09.23"]

1. e4 c5 2. Nf3 a6 3. d4 cxd4 4. Nxd4 Nf6 5. Nc3 e5 6. Nb3 Bb4 7. Bc4 Bxc3+ 8.
bxc3 Qc7 9. Qd3 b5 10. Bd5 Nxd5 11. exd5 d6 12. O-O O-O 13. Qg3 Bb7 14. Rd1 f6
15. Rd3 Rf7 16. f4 Nd7 17. f5 Nb6 18. Qh4 Nxd5 19. Rh3 h6 20. Bd2 Rc8 21. Rf1
Qb6+ 22. Kh1 Rc4 23. Qg3 Kf8 24. Bxh6 Rxc3 25. Bxg7+ Rxg7 26. Rh8+ Kf7 27. Qh4
Nf4 28. Rxf4 Bxg2# 0-1

[Event "249th YMCA Autumn B"]
[Site "Warsaw"]
[Date "2021.10.14"]
[Round "4"]
[White "Safanowski, Tomasz"]
[Black "Szumigaj, Marcin"]
[Result "0-1"]
[WhiteElo "1688"]
[BlackElo "1473"]
[PlyCount "56"]
[EventDate "2021.09.23"]
[EventType "tourn"]
[EventRounds "1"]
[EventCountry "POL"]
[SourceDate "2021.09.23"]

1. f4 d5 2. Nf3 g6 3. e3 Bg7 4. Be2 Nf6 5. O-O O-O 6. d3 b6 7. Nc3 Bb7 8. Qe1
c5 9. Qh4 e6 10. Qh3 Nbd7 11. Bd2 Qc7 12. Rf2 a6 13. Raf1 b5 14. g4 Qc6 15. f5
d4 16. Nd1 exf5 17. gxf5 g5 18. e4 g4 19. Qg3 Kh8 20. Nh4 Rg8 21. Ng2 Bf8 22.
Qh4 Bd6 23. Bg5 Rxg5 24. Qxg5 Rg8 25. Qh6 Bxh2+ 26. Qxh2 g3 27. Qh6 gxf2+ 28.
Kxf2 Nxe4+ 0-1

[Event "249th YMCA Autumn B"]
[Site "Warsaw"]
[Date "2021.10.13"]
[Round "4"]
[White "Goral, Jan"]
[Black "Dabrowski, Leszek"]
[Result "1-0"]
[WhiteElo "1672"]
[BlackElo "1436"]
[PlyCount "41"]
[EventDate "2021.09.23"]
[EventType "tourn"]
[EventRounds "1"]
[EventCountry "POL"]
[SourceDate "2021.09.23"]

1. Nf3 Nf6 2. c4 e6 3. g3 d5 4. Bg2 c6 5. O-O Be7 6. d4 Nbd7 7. Nbd2 O-O 8. Qc2
Re8 9. e4 dxe4 10. Nxe4 Nxe4 11. Qxe4 Nf6 12. Qc2 Bd7 13. Rd1 Rc8 14. b3 Qc7
15. Bb2 Red8 16. Rac1 Be8 17. Qe2 c5 18. Ne5 Nd7 19. Nxd7 Bxd7 20. d5 exd5 21.
Qxe7 1-0

[Event "249th YMCA Autumn B"]
[Site "Warsaw"]
[Date "2021.10.21"]
[Round "5"]
[White "Dabrowski, Leszek"]
[Black "Kurowski, Maciej"]
[Result "0-1"]
[WhiteElo "1436"]
[BlackElo "1590"]
[PlyCount "74"]
[EventDate "2021.09.23"]
[EventType "tourn"]
[EventRounds "1"]
[EventCountry "POL"]
[SourceDate "2021.09.23"]

1. e4 c5 2. Nc3 g6 3. Bc4 Bg7 4. f4 e6 5. Nf3 Ne7 6. O-O O-O 7. e5 a6 8. Ne4 d5
9. exd6 Nf5 10. Kh1 Nxd6 11. Nxd6 Qxd6 12. Ng5 h6 13. Ne4 Qc6 14. Qf3 b5 15.
Be2 Bb7 16. Nxc5 Qxf3 17. Bxf3 Bxf3 18. Rxf3 Rc8 19. Nd3 Rxc2 20. Ne5 Nc6 21.
Rc3 Rxc3 22. dxc3 Nxe5 23. fxe5 Rd8 24. Bf4 g5 25. Bg3 Rd2 26. Rb1 Re2 27. Kg1
Bxe5 28. Kf1 Re4 29. Bxe5 Rxe5 30. Rd1 Rd5 31. Rd4 f5 32. Ke2 Rxd4 33. cxd4 Kf7
34. Ke3 Kf6 35. g3 e5 36. d5 h5 37. h3 Ke7 0-1

[Event "249th YMCA Autumn B"]
[Site "Warsaw"]
[Date "2021.10.21"]
[Round "5"]
[White "Szumigaj, Marcin"]
[Black "Goral, Jan"]
[Result "1/2-1/2"]
[WhiteElo "1473"]
[BlackElo "1672"]
[PlyCount "102"]
[EventDate "2021.09.23"]
[EventType "tourn"]
[EventRounds "1"]
[EventCountry "POL"]
[SourceDate "2021.09.23"]

1. d4 c5 2. d5 f5 3. g3 g6 4. Bg2 Nf6 5. b3 Bg7 6. Bb2 O-O 7. Nh3 d6 8. O-O Na6
9. Nd2 Nc7 10. c4 Bd7 11. Qc2 Rb8 12. Rfe1 b5 13. Nf4 bxc4 14. bxc4 Rxb2 15.
Qxb2 Nfxd5 16. Qb7 Nxf4 17. gxf4 Bxa1 18. Rxa1 Ne6 19. e3 Qc7 20. Rb1 Rc8 21.
Bd5 Kf7 22. Nf3 h6 23. Nh4 Bc6 24. Qa6 Kf6 25. Nf3 Nf8 26. Nd2 e6 27. Bxc6 Qxc6
28. Qa3 Nd7 29. Qc3+ Kf7 30. Qa3 Rc7 31. Qc3 Nf6 32. Qa5 Rb7 33. Rxb7+ Qxb7 34.
Qd8 Qb6 35. Qc8 a6 36. Kg2 Kg7 37. h4 a5 38. Kg3 e5 39. fxe5 dxe5 40. f3 a4 41.
Kf2 Qd6 42. Ke2 f4 43. e4 Nh5 44. Qb7+ Kf6 45. Qc8 Ng7 46. Qh8 h5 47. Qc8 Kf7
48. Qb7+ Kg8 49. Qa7 Kh7 50. Qxa4 Qd4 51. Qa7 Qe3+ $11 1/2-1/2

[Event "249th YMCA Autumn B"]
[Site "Warsaw"]
[Date "2021.10.21"]
[Round "5"]
[White "Sloniewska, Alicja"]
[Black "Wiktorowski, Janusz"]
[Result "1-0"]
[WhiteElo "1658"]
[BlackElo "1449"]
[PlyCount "65"]
[EventDate "2021.09.23"]
[EventType "tourn"]
[EventRounds "1"]
[EventCountry "POL"]
[SourceDate "2021.09.23"]

1. d4 e6 2. c4 d5 3. Nc3 Nf6 4. Bg5 Be7 5. cxd5 exd5 6. e3 Bf5 7. Bxf6 Bxf6 8.
Qb3 O-O 9. Qxb7 Nd7 10. Qxd5 Be6 11. Qh5 Qe7 12. Bd3 g6 13. Qe2 Nb6 14. Nf3 Nd5
15. O-O Rab8 16. Rfc1 Nxc3 17. Rxc3 Qd6 18. b3 c6 19. Rac1 Bd5 20. e4 Rfe8 21.
Qc2 Bxe4 22. Bxe4 Qf4 23. Bxc6 Re7 24. Rc4 g5 25. d5 Qd6 26. h4 h6 27. hxg5
hxg5 28. Rg4 Rb4 29. Qf5 Rxg4 30. Qxg4 Qd8 31. Nxg5 Bxg5 32. Qxg5+ Kf8 33. Qh6+
1-0